01636nam a2200325 a 4500001000200000003000900002005001700011008004100028020001800069040002300087082003000110100002900140245013800169260003800307300002100345490005300366500007600419504000600495504003000501505031100531586006500842600006700907650002400974650005800998650002601056651008701082700004001169700002901209710007201238 DO-SdBNP20220225122013.0140319s2013 dr 000 0 spa d a9789945412918 aBPMSUbspac BPMSU aRD864.508bD542f 20132221 aDíaz, Ramón Leonardo13aLa filosofía y los espacios de libertad :by otros ensayos /cRamón Leonardo Díaz, Pauline Kulstad González, Juan de la Cruz. aSanto Domingo :bFUNGLODE,c2013. a227 p. ;c23 cm.0 aPremio FUNGLODE de Ensayo Pedro Francisco Bonó aIncluye referencias bibliográficas y notas al pie de las páginas  a  aBibliografía p: 223-2270 tLa filosofía y los espacios de libertad /rRamón Leonardo Díaz --tInteracción y organización social en el período colonial temprano: el caso de Concepción de la Vega (1495-1564) /rPauline Kulstad González --tLa filosofía política y jurídica de Juan Pablo Duarte /rJuan de la Cruz. aPremios FUNGLODE/GFDD de Ensayo Pedro Francisco Bonó 2012.14aDuarte y Diez, Juan Pablo d1813-1876xPensamiento político  4aEnsayos dominicanos 4aFilosofía dominicana xEnsayos, conferencias, etc.  4aLiteratura dominicana 4aLa Vega (República Dominicana)xHistoria yGobierno colonial español 1503-179512aKulstad González, Pauline,d1971-12aCruz, Juan de la,d1963-12aFundación Global Democracia y Desarrollo (República Dominicana)